| 000 | 00404nam a22001697a 4500 | ||
|---|---|---|---|
| 003 | LK-CoDNM | ||
| 005 | 20250110123311.0 | ||
| 008 | 250110b |||||||| |||| 00| 0 eng d | ||
| 040 |
_aLK-CoDNM _dLK-CoDNM _eLK-CoDNM |
||
| 041 | _aeng | ||
| 080 |
_a5 _bO14 |
||
| 100 | _aPorat C. O. V. | ||
| 245 | _aOm Nagra Exotiska Myriopoder | ||
| 300 | _a80p. : ill , 21 cm | ||
| 650 | _aScience | ||
| 942 | _cBK | ||
| 999 |
_c235956 _d235956 |
||